حدوتة ع الماشي . (Record no. 30830)

MARC details
000 -الفاتح
حقل البيانات ثابتة الطول 00932nam a2200277 i 4500
003 - محدد رقم الضبط
رقم الضبط EG-ScBUE
005 - وقت وتاريخ اخر تعامل مع التسجيلة
رقم الضبط 20241212100452.0
008 - عناصر البيانات ثابتة الطول - معلومات عامة
حقل البيانات ثابتة الطول 170718s2023 ua f f000 m ara d
017 ## - رقم الإيداع القانونى
رقم الإيداع القانونى 20604
020 ## - الرقم الدولى المعيارى للكتب
الرقم الدولى المعيارى للكتاب 9789778671032
040 ## - مصدر الفهرسة
وكالة الفهرسة الأصلية EG-ScBUE
لغة الفهرسة ara
قواعد الوصف rda
وكالة النسخ EG-ScBUE
وكالة التعديل EG-ScBUE
082 04 - رقم تصنيف ديوى العشرى
رقم التصنيف 892.708007
رقم المادة ج ا ب
رقم الطبعة 22
100 1# - المدخل الرئيسى - إسم شخصى
الإسم الشخصى جابر، لميس،
الدور مؤلف.
9 (RLIN) 38780
245 10 - بيان العنوان
العنوان حدوتة ع الماشي .
رقم الجزء/قسم العمل 1 /
بيان المسئوليه,etc د. لميس جابر.
250 ## - بيان الطبعة
بيان الطبعة الطبعة الأولى
264 #1 - النشر، التوزيع
مكان الناشر او الموزع الجيزة ، مصر :
اسم الناشر او الموزع أطياف للنشر والتوزيع،
تاريخ النشر أو التوزيع 2023.
300 ## - الوصف المادى
التعداد 380 صفحة ؛
أبعاد الوعاء 24 سم
336 ## - نوع المحتوى
source rdacontent
Carrier Type Term نص
Content Type Code txt
337 ## - نوع الوسيط
source rdamedia
Media Type Term بدون وسيط
Media Type Code n
338 ## - نوع الحامل أو الناقل
source rdacarrier
Carrier Type Term مجلد
Carrier Type Code nc
541 ## - تبصرة المصدر المباشر للتزويد
طريقة التزويد إهداء ؛
مصدر التزويد أطياف
650 #7 - المدخل الاضافى بالموضوع-مصطلح موضوعى
مصدر الرأس أو المصطلح BUEsh
مصطلح موضوعي أو اسم جغرافي كعنصر مدخل الأدب العربي
التقسيم الفرعي العام مجموعات.
9 (RLIN) 8633
653 ## - مصطلح تكشيفى غير مقيد
Resource For college Generalities
Arrived date list December2024
655 ## - مصطلح تكشيفى-نوع/شكل
التقسيم الفرعي الشكلي Reading book
942 ## - عناصر المدخل الإضافي( كوها)
مصدر التصنيف او مخطط الترفيف Dewey Decimal Classification
Holdings
حالة التراجع حالة الفقد مصدر التصنيف او خطة الترفيف حالة تلف ليس للاعارة مجموعات كوها المكان الدائم المكان الحالي موقع الترفيف تاريخ الاكتساب Source of acquisition رقم الاستدعاء الباركود Date last checked out Date last seen مُعار نوع الوعاء
    Dewey Decimal Classification     Donation-Gift Central Library Central Library Second Floor 12/12/2024 Donation 892.708007 ج ا ب 000057192 20/05/2026 20/04/2026 20/04/2026 Book - Borrowing